Library of the University of Algiers 3
Ibrahim Sultan Cheibout
شعار جامعة الجزائر 3
مكتبة جامعة الجزائر 3
إبراهيم سلطان شيبوط

المحاسبة المالية الخاصة / (رقم التسجيلة. 44615)

تفاصيل مارك
000 -LEADER
fixed length control field 01410nam a2200253Ia 4500
003 - CONTROL NUMBER IDENTIFIER
control field Ost
005 - DATE AND TIME OF LATEST TRANSACTION
control field 20260507075449.0
008 - FIXED-LENGTH DATA ELEMENTS--GENERAL INFORMATION
fixed length control field 260507s9999||||xx |||||||||||||| ||und||
040 ## - CATALOGING SOURCE
Transcribing agency fsecg
041 ## - LANGUAGE CODE
Language code of text/sound track or separate title ara
082 ## - DEWEY DECIMAL CLASSIFICATION NUMBER
Classification number 657
100 ## - MAIN ENTRY--PERSONAL NAME
Personal name حلوة حنان، رضوان
Relator term مؤلف
245 #0 - TITLE STATEMENT
Title المحاسبة المالية الخاصة /
Statement of responsibility, etc. رضوان حلوة حنان
250 ## - EDITION STATEMENT
Edition statement طبعة 2
260 ## - PUBLICATION, DISTRIBUTION, ETC.
Place of publication, distribution, etc. عمان:
Name of publisher, distributor, etc. الدار العلمية الدولية و دار الثقافة للنشر و التوزيع,
Date of publication, distribution, etc. 2001
300 ## - PHYSICAL DESCRIPTION
Extent 427 صفحة؛
Other physical details إيضاحات ؛
Dimensions 24 سم
504 ## - BIBLIOGRAPHY, ETC. NOTE
Bibliography, etc. note سلسله الكتب المحاسبيه 3
520 ## - SUMMARY, ETC.
Summary, etc. يتناول هذا الكتاب محاسبة المنشآت ذات الاقسام - تصميم السجلات المحاسبية - طرق المحاسبة اليدوية - محاسبة المنشآت ذات الفروع الداخلية المستقلة - محاشبة المنشآت ذات الفروع الداخلية التابعة -المحاسبة الدولية والفروع الخارجية - - بضاعة الامانة - بيع الوكيل بضاعة الامانة بالاجل - البيع بالتفسيط
653 ## - INDEX TERM--UNCONTROLLED
Uncontrolled term المحاسبة
653 ## - INDEX TERM--UNCONTROLLED
Uncontrolled term المحاسبة الدولية
653 ## - INDEX TERM--UNCONTROLLED
Uncontrolled term محاسبة المنشأت
700 ## - ADDED ENTRY--PERSONAL NAME
Personal name جوزيف، كحالة جبرائيل
Relator term مؤلف ثانوي
942 ## - ADDED ENTRY ELEMENTS (KOHA)
Koha item type كتب
المقتنيات
Withdrawn status Lost status Source of classification or shelving scheme Damaged status Not for loan Home library Current library Date acquired Serial enumeration / chronology Inventory number Total checkouts Full call number Barcode Date last seen Price effective from Koha item type
    Dewey Decimal Classification   NOT LOAN / إعارة داخلية مكتبة كلية العلوم الإقتصادية والعلوم التجارية وعلوم التسيير مكتبة كلية العلوم الإقتصادية والعلوم التجارية وعلوم التسيير 07/05/2026 الطابق الأرضي 4091   أ/2850ن1 4091 07/05/2026 07/05/2026 كتب
    Dewey Decimal Classification   Available مكتبة كلية العلوم الإقتصادية والعلوم التجارية وعلوم التسيير مكتبة كلية العلوم الإقتصادية والعلوم التجارية وعلوم التسيير 07/05/2026 الطابق الأرضي 4092   أ/2850ن2 4092 07/05/2026 07/05/2026 كتب
    Dewey Decimal Classification   Available مكتبة كلية العلوم الإقتصادية والعلوم التجارية وعلوم التسيير مكتبة كلية العلوم الإقتصادية والعلوم التجارية وعلوم التسيير 07/05/2026 الطابق الأرضي 4093   أ/2850ن3 4093 07/05/2026 07/05/2026 كتب
    Dewey Decimal Classification   Available مكتبة كلية العلوم الإقتصادية والعلوم التجارية وعلوم التسيير مكتبة كلية العلوم الإقتصادية والعلوم التجارية وعلوم التسيير 07/05/2026 الطابق الثاني 4094   أ/2850ن4 4094 07/05/2026 07/05/2026 كتب
    Dewey Decimal Classification   Available مكتبة كلية العلوم الإقتصادية والعلوم التجارية وعلوم التسيير مكتبة كلية العلوم الإقتصادية والعلوم التجارية وعلوم التسيير 07/05/2026 الطابق الثاني 4095   أ/2850ن5 4095 07/05/2026 07/05/2026 كتب
    Dewey Decimal Classification   Available مكتبة كلية العلوم الإقتصادية والعلوم التجارية وعلوم التسيير مكتبة كلية العلوم الإقتصادية والعلوم التجارية وعلوم التسيير 07/05/2026 مكتبة بن عكنون 4096   أ/2850ن6 4096 07/05/2026 07/05/2026 كتب
    Dewey Decimal Classification   Available مكتبة كلية العلوم الإقتصادية والعلوم التجارية وعلوم التسيير مكتبة كلية العلوم الإقتصادية والعلوم التجارية وعلوم التسيير 07/05/2026 مكتبة بن عكنون 4097   أ/2850ن7 4097 07/05/2026 07/05/2026 كتب
    Dewey Decimal Classification   Available مكتبة كلية العلوم الإقتصادية والعلوم التجارية وعلوم التسيير مكتبة كلية العلوم الإقتصادية والعلوم التجارية وعلوم التسيير 07/05/2026 مكتبة بن عكنون 4098   أ/2850ن8 4098 07/05/2026 07/05/2026 كتب

موارد الويب المفتوحة


© University of Algiers 3 All Rights Reserved
|
Implemented by LECHELAH Riad